Songramei jar jeevan Che Guevara (Record no. 2842)

MARC details
000 -LEADER
fixed length control field 00530cam a2200205ua 4500
001 - CONTROL NUMBER
control field 2996
005 - DATE AND TIME OF LATEST TRANSACTION
control field 20260515113622.0
008 - FIXED-LENGTH DATA ELEMENTS--GENERAL INFORMATION
fixed length control field 110921n ii |||gr||||Z||||||asm
020 ## - INTERNATIONAL STANDARD BOOK NUMBER
International Standard Book Number 81-7339-146-7
040 ## - CATALOGING SOURCE
Transcribing agency MAIN
082 ## - DEWEY DECIMAL CLASSIFICATION NUMBER
Classification number 920
100 1# - MAIN ENTRY--PERSONAL NAME
Personal name Sharma, Jiten,
Relator term Author.
245 11 - TITLE STATEMENT
Title Songramei jar jeevan Che Guevara
Statement of responsibility, etc. by Jiten Sharma
250 ## - EDITION STATEMENT
Edition statement 1st.
260 ## - PUBLICATION, DISTRIBUTION, ETC.
Place of publication, distribution, etc. Guahati:
Name of publisher, distributor, etc. Banalata,996.
300 ## - PHYSICAL DESCRIPTION
Extent 187p:
Other physical details ill;
Dimensions 23cm.
653 ## - INDEX TERM--UNCONTROLLED
Uncontrolled term Biography
653 ## - INDEX TERM--UNCONTROLLED
Uncontrolled term Biography of Songramei jar jeevan Che Guevara
942 ## - ADDED ENTRY ELEMENTS (KOHA)
Koha item type Books
Holdings
Withdrawn status Lost status Damaged status Not for loan Home library Current library Shelving location Date acquired Total checkouts Full call number Barcode Date last seen Copy number Price effective from Koha item type
        Naharkatiya College Library Naharkatiya College Library General stacks 09/19/2020   920 | SHA 9867 09/19/2020 1 09/19/2020 Books